| 000 | 00394nam a2200145Ia 4500 | ||
|---|---|---|---|
| 008 | 230917s9999||||xx |||||||||||||| ||und|| | ||
| 040 |
_e214929 _aMAIN |
||
| 041 | _aEnglish | ||
| 082 | _a320.014 F253P | ||
| 100 | _aFarwell, James P | ||
| 245 | 0 | _aPersuasion and power: The art of strategic communication | |
| 260 |
_aNew Delhi _bK W Publishers _c2012 |
||
| 300 | _axxi, 282 p. | ||
| 942 | _cBK | ||
| 999 |
_c178268 _d178268 |
||